Places Mentioned in Taylor Swift Songs - Sudden Death - Statistics

General Stats
  • This quiz has been taken 53 times
  • The average score is 14 of 20
Answers on the Grid
Answers color-coded by a green-red scale on the quiz's grid according to % correct below.
Asia
Babylon
Beverly Hills
Blue Nile
Boston
Brooklyn
Canada
Chicago
Coney Island
Dubai
Florida
Georgia
Hollywood
India
London
Los Angeles
New York City
North Carolina
Ohio
Paris
Pennsylvania
Persia
Queens
Rhode Island
St. Louis
Tennessee
Texas
Venice
Wall Street
Washington DC
 
Answer Stats
Answer % Correct
"Welcome To New York (Taylor’s Version)" New York City
93%
"Paris" Paris
93%
"So Long, London" London
91%
"Florida!!!" Florida
89%
"coney island" Coney Island
84%
"White Horse (Taylor's Version)" Hollywood
84%
"London Boy" Tennessee
80%
"All Too Well (10 Minute Version) (Taylor's Version) (From The Vault)" Brooklyn
75%
"Clara Bow" Los Angeles
75%
"I Bet You Think About Me (Taylor's Version) (From The Vault)" Beverly Hills
68%
"cowboy like me" Babylon
66%
"the last great american dynasty" Rhode Island
66%
"seven" Pennsylvania
64%
"Guilty as Sin?" Blue Nile
59%
"the last great american dynasty" St. Louis
57%
"Florida!!!" Texas
57%
"Bigger Than The Whole Sky" Asia
55%
"Tim McGraw" Georgia
50%
"seven" India
41%
"Carolina" North Carolina
41%
No matching quizzes found
Score Distribution
Percent of People with Each Score
Percentile by Number Answered
Your Score History
You have not taken this quiz